| 000 | 00763nam a22001937a 4500 | ||
|---|---|---|---|
| 005 | 20210325185634.0 | ||
| 008 | s2524 th tha d | ||
| 041 | _atha | ||
| 090 | _aอศ พ384ป | ||
| 245 | 1 | 0 | _aประชุมพระธรรมเทศนาและหลวงปู่สอนธรรม |
| 260 | 3 |
_aกรุงเทพฯ : _bไทยวัฒนาพานิช, _c2524 |
|
| 300 |
_a252 หน้า : _b ภาพประกอบ |
||
| 650 | 0 | 4 | _aธรรมเทศนา |
| 650 | 0 | 4 | _aพระราชสังวราภิมณฑ์ (โต๊ะ อินทสุวณณเถร), 2429 -- 2524 |
| 850 | _aNALT | ||
| 942 | _cCRE | ||
| 997 | _c000000000023484 | ||
| 998 | _aVSINEE MUNKLAD | ||
| 999 |
_c23484 _d23484 |
||